000 00493nam a2200181Ia 4500
001 10908
005 20260306161907.0
008 260306t2012||||xx |||||||||||||| ||spa||
041 _aESP
082 _a980.02
_bA53 T. 1
100 _aMalamud, carlos
_eAUT
245 0 _aRuptura y reconciliación:
_bespaña y el reconocimiento de las independencias latinoamericanas
260 _c2012
300 _a402 páginas :
_c23 cm.
650 _aGEN
654 _aCHU
942 _cLIB
_dJUS
_fJUS
_2ddc
_n
999 _c10908
_d10908